| 000 | 01361nam a2200325 i 4500 | ||
|---|---|---|---|
| 003 | EG-GICUC | ||
| 005 | 20260212145944.0 | ||
| 008 | 260212s20041425ua ||||fr|||| 00| 0 ara d | ||
| 040 |
_a EG-GICUC _bara _c EG-GICUC _d EG-GICUC _erda |
||
| 041 | _aara | ||
| 082 | 0 | 4 |
_221 _a343.91 _bم ح . ت |
| 092 | 0 | 4 | _221 |
| 099 | _aLaw1 10 343.91 م ح . ت 2 ed - 2004 | ||
| 100 | 0 |
_aمحمد أبو العلا عقيدة _eمؤلف. |
|
| 245 | 1 | 0 |
_aتعويض الدولة للمضرور من الجريمة : _bدراسة مقارنة في التشريعات المعاصرة والنظام الجنائي الإسلامى / _cتأليف الدكتور محمد أبو العلا عقيدة. |
| 250 |
_aالطبعة الثانية، _bه1425 - 2004م. |
||
| 264 | 1 |
_aالقاهرة : _bدار النهضة العربية، _c2004. |
|
| 300 |
_a219 صفحة ; _c24 سم. |
||
| 336 |
_2rda content _atext |
||
| 337 |
_2rda media _aComputer |
||
| 338 |
_2rda carrier _aOnline Resource |
||
| 504 | _aيشتمل على إرجاعات ببليوجرافية. | ||
| 546 | _aالنص باللغة العربية | ||
| 650 | 1 | _aالقانون الجنائي | |
| 650 | 1 | _aالنظام الجنائي الإسلامي | |
| 650 | 1 | _aتعويض الدولة | |
| 856 | 4 | 0 | _uhttps://fll.law.cu.edu.eg/fulltext/bks/B10-08305.pdf |
| 905 | _a43 | ||
| 942 |
_2ddc _n0 _cBK _e21 |
||
| 999 |
_c62813 _d62813 |
||